[Event "5th Amplico AIG Life"]
[Site "Warsaw POL"]
[Date "2005.12.17"]
[Round "6"]
[White "Sergeev,Vl"]
[Black "Wojtaszek,R"]
[Result "1/2-1/2"]
[WhiteElo "2436"]
[BlackElo "2606"]

1.e4 c5 2.d3 Nc6 3.g3 d5 4.Nd2 Nf6 5.Bg2 Bg4 6.Ngf3 e6 7.h3 Bh5 8.O-O Be7
9.Re1 O-O 10.c3 Qc7 11.Qe2 h6 12.a3 b5 13.b4 cxb4 14.axb4 a5 15.bxa5 Rxa5
16.Bb2 Rfa8 17.Nb3 Rxa1 18.Rxa1 Rxa1+ 19.Bxa1 dxe4 20.dxe4 Qb6 21.g4 Bg6
22.Nfd4 Nxd4 23.cxd4 b4 24.f4 Bf8 25.f5 exf5 26.gxf5 Bh5 27.Qd3 Nd7 28.Kh1 Qd6
29.Qe3 Bd1 30.Qd3 Bxb3 31.Qxb3 Qf4 32.Bb2 Nf6 33.Qd3 Qf2 34.e5 Qxb2 35.exf6 b3
36.Be4 Qf2 37.Qf3 Qe1+ 38.Kg2 b2 39.Qd3 Bd6 40.fxg7 Kxg7 41.f6+ Kxf6 42.Qf1+ Qxf1+
43.Kxf1 Kg5 44.Bd3 Kf4 45.Ke2 Bc7 46.Kd2 Bb6 47.Kc3 Ke3 48.d5 Bd4+ 49.Kc4 Be5
50.Bh7 Kf4 51.Kb3 Kg3 52.d6 Bxd6 53.Kxb2 Kxh3 54.Kc2 h5 55.Kd3 Kg3 56.Ke2 Bc5
57.Kf1 h4 58.Be4 h3 59.Bf5 f6 60.Be6 Bd4 61.Bd7 Bc5 62.Bc8 Bd4 63.Bd7 h2
64.Bc6 f5 65.Bb7 f4 66.Ke2 Bc5 67.Bc6  1/2-1/2

[Event "5th Amplico AIG Life"]
[Site "Warsaw POL"]
[Date "2005.12.17"]
[Round "7"]
[White "Wojtaszek,R"]
[Black "Sarakauskas,G"]
[Result "1-0"]
[WhiteElo "2606"]
[BlackElo "2437"]

1.d4 d5 2.Nf3 Nf6 3.c4 c6 4.Nc3 a6 5.Qb3 g6 6.Bf4 dxc4 7.Qxc4 Bg7 8.e3 O-O
9.Be2 b5 10.Qb3 Nbd7 11.O-O c5 12.dxc5 Nxc5 13.Qb4 Ne6 14.Bg3 Nd5 15.Nxd5 Qxd5
16.Rfd1 Qc5 17.Qe4 Qa7 18.Ne5 Bb7 19.Qb4 Qc5 20.Qxc5 Nxc5 21.Nd7 Rfc8 22.Nb6 Bxb2
23.Rab1 Ba3 24.Bf3 Be4 25.Bxe4 Nxe4 26.Nxa8 Nxg3 27.hxg3 Rxa8 28.Rb3 Bd6
29.Rc3 f5 30.Rdc1 Kf7 31.Rc8 Ra7 32.Rh8 Kg7 33.Rcc8 Rb7 34.Rhg8+ Kf7 35.Rcf8+ Ke6
36.Ra8 Rb6 37.Rh8 h5 38.Rhg8 Kf6 39.Raf8+ Kg5 40.f4+ Kh6 41.Rf7  1-0

[Event "5th Amplico AIG Life"]
[Site "Warsaw POL"]
[Date "2005.12.17"]
[Round "8"]
[White "Dziuba,M"]
[Black "Wojtaszek,R"]
[Result "0-1"]
[WhiteElo "2494"]
[BlackElo "2606"]

1.d4 Nf6 2.c4 e6 3.Nf3 c5 4.d5 d6 5.Nc3 exd5 6.cxd5 g6 7.e4 Bg7 8.h3 a6 9.a4 Nbd7
10.Bd3 Nh5 11.O-O Ne5 12.Be2 Nxf3+ 13.Bxf3 Qh4 14.Bxh5 gxh5 15.Qd3 Rg8 16.Kh1 Bd7
17.f4 c4 18.Qf3 Bd4 19.Be3 Rg3 20.Bxd4 Rxf3 21.Rxf3 O-O-O 22.f5 Re8 23.Re3 Rg8
24.Rc1 Rg3 25.Ne2 Rxe3 26.Bxe3 Qxe4 27.Rc3 Bxf5 28.Ng3 Qb1+ 29.Rc1 Qd3 30.Rc3 Qd1+
31.Bg1 Bd3 32.h4 Qg4 33.Bh2 Qxh4 34.b3 Qd4  0-1

[Event "LXIII ch-POL"]
[Site "Krakow POL"]
[Date "2006.02.25"]
[Round "1"]
[White "Bobras,P"]
[Black "Wojtaszek,R"]
[Result "1/2-1/2"]
[WhiteElo "2531"]
[BlackElo "2605"]

1.e4 c5 2.Nf3 d6 3.d4 cxd4 4.Nxd4 Nf6 5.Nc3 a6 6.Be3 e6 7.f3 b5 8.g4 Nfd7
9.Qd2 Nb6 10.O-O-O N8d7 11.Ndxb5 axb5 12.Nxb5 h5 13.Qc3 Rxa2 14.b3 Na8 15.Nxd6+ Bxd6
16.Rxd6 O-O 17.gxh5 Qa5 18.Qxa5 Rxa5 19.h6 g6 20.Kb2 Nc7 21.Be2 Ne8 22.Rd2 f5
23.b4 Ra8 24.Rhd1 Nef6 25.exf5 exf5 26.c4 Re8 27.Bg5 Kf7  1/2-1/2

[Event "LXIII ch-POL"]
[Site "Krakow POL"]
[Date "2006.02.26"]
[Round "2"]
[White "Wojtaszek,R"]
[Black "Gajewski,G"]
[Result "1-0"]
[WhiteElo "2605"]
[BlackElo "2486"]

1.d4 Nf6 2.c4 e6 3.Nf3 d5 4.Nc3 Bb4 5.e3 O-O 6.Bd3 c5 7.O-O dxc4 8.Bxc4 Nbd7
9.Qe2 cxd4 10.exd4 b6 11.Bg5 Bb7 12.Ne5 Be7 13.Rfe1 Rc8 14.Rad1 Nd5 15.Bxd5 Bxd5
16.Bxe7 Qxe7 17.Nxd5 exd5 18.Qb5 Nxe5 19.Rxe5 Qf6 20.Qb3 h6 21.g3 Rfd8 22.Rxd5 Rxd5
23.Qxd5 Rc2 24.Qa8+ Kh7 25.Qe4+ Qg6 26.Qf4 Qh5 27.Qe4+ Qg6 28.Qf4 Qh5 29.Re1 Rxb2
30.Re5 Qg6 31.Re7 Rxa2 32.Rxf7 Ra4 33.Re7 Qd3 34.Qe5 Ra1+ 35.Kg2 Qf1+ 36.Kf3 Qd3+
37.Kg2 Qf1+ 38.Kf3 Qd3+ 39.Kf4 Qg6 40.d5 Ra5 41.Qe4 Ra4 42.Rxg7+ Kxg7 43.Qxa4 Qd6+
44.Ke4 a5 45.Qc6 Qb4+ 46.Kd3 Qb1+ 47.Qc2 Qb5+ 48.Qc4 Qb1+ 49.Qc2 Qb5+ 50.Kd4 a4
51.Qc7+ Kf8 52.d6 Qb4+ 53.Ke3 Qc5+ 54.Ke4 a3 55.Qe7+ Kg8 56.Qe6+ Kg7 57.d7 Qc2+
58.Kf3 Qd1+ 59.Kg2 a2 60.Qe7+ Kg6 61.d8=Q  1-0

[Event "LXIII ch-POL"]
[Site "Krakow POL"]
[Date "2006.02.28"]
[Round "4"]
[White "Wojtaszek,R"]
[Black "Warakomski,T"]
[Result "1-0"]
[WhiteElo "2605"]
[BlackElo "2430"]

1.d4 d5 2.Nf3 Nf6 3.c4 dxc4 4.Nc3 c5 5.d5 e6 6.e4 exd5 7.e5 Nfd7 8.Qxd5 Nb6
9.Qxd8+ Kxd8 10.Be3 Be6 11.O-O-O+ Ke8 12.Nb5 Na6 13.Ng5 Bd7 14.Na3 Bc6 15.Nxc4 h6
16.Na5 Nb4 17.Nxc6 bxc6 18.Ne4 Nxa2+ 19.Kb1 Nb4 20.Nd6+ Bxd6 21.Rxd6 Nd7
22.Bc4 Ke7 23.Rhd1 Nd5 24.Bxd5 cxd5 25.R6xd5 Rhd8 26.f4 Rac8 27.Kc2 Rc7 28.f5 Rdc8
29.f6+ gxf6 30.exf6+ Nxf6 31.Re5+ Kf8 32.Bxh6+ Kg8 33.Rd3 Rc6 34.Rg5+ Kh7
35.Rh3 Ng8 36.Bg7+ Nh6 37.g4  1-0

[Event "LXIII ch-POL"]
[Site "Krakow POL"]
[Date "2006.03.01"]
[Round "5"]
[White "Dziuba,M"]
[Black "Wojtaszek,R"]
[Result "1/2-1/2"]
[WhiteElo "2491"]
[BlackElo "2605"]

1.d4 Nf6 2.c4 e6 3.Nf3 b6 4.g3 Ba6 5.b3 Bb4+ 6.Bd2 Be7 7.Bg2 c6 8.Bc3 d5
9.Ne5 Nfd7 10.Nxd7 Nxd7 11.Nd2 O-O 12.O-O Rc8 13.e4 c5 14.exd5 exd5 15.dxc5 dxc4
16.c6 cxb3 17.Re1 b2 18.Bxb2 Nc5 19.Nc4 Bxc4 20.Qg4 Bg5 21.Qxc4 Nd3 22.Be5 Nxe1
23.Rxe1 Bf6 24.Bxf6 Qxf6  1/2-1/2

[Event "LXIII ch-POL"]
[Site "Krakow POL"]
[Date "2006.03.04"]
[Round "8"]
[White "Wojtaszek,R"]
[Black "Socko,B"]
[Result "0-1"]
[WhiteElo "2605"]
[BlackElo "2610"]

1.d4 Nf6 2.c4 g6 3.g3 Bg7 4.Bg2 O-O 5.Nf3 d6 6.O-O Nc6 7.Nc3 a6 8.h3 Bf5
9.b3 Ne4 10.Nd5 Bd7 11.Bb2 e6 12.Nf4 f5 13.Rc1 g5 14.Nd3 Qe7 15.d5 Bxb2 16.Nxb2 Nd8
17.dxe6 Nxe6 18.e3 Rae8 19.Nd3 Qg7 20.Re1 a5 21.Qc2 Bc6 22.Qb2 Qxb2 23.Nxb2 f4
24.exf4 gxf4 25.g4 N4g5 26.Nxg5 Nxg5 27.Nd3 f3 28.Bf1 Kg7 29.Kh2 Ne4 30.Re3 h5
31.gxh5 Kh6 32.Rc2 Kxh5 33.Ne1 Ng5 34.Rcc3 Ne4 35.Rc2 Nxf2 36.Rxe8 Rxe8 37.Nxf3 Nxh3
38.Kxh3 Bxf3 39.Kg3 Be4 40.Re2 Kg5 41.Bg2 Kf5 42.Bxe4+ Rxe4 43.Rh2 Re7 44.Kf3 b6
45.Rh5+ Kf6 46.Rh8 Kg7 47.Rd8 Kf6 48.Rh8 Kf7 49.Kf2 Kg7 50.Rd8 Kf6 51.Rh8 Kg5
52.Kf3 Kf5 53.Rf8+ Ke6 54.Ke4 Rh7 55.Rf2 Rh3 56.Rg2 c5 57.Rg7 a4 58.bxa4 Rc3
59.Ra7 Rxc4+ 60.Kd3 Kd5 61.Ra6 Rb4 62.Kc3 Kc6 63.Ra7 Rh4  0-1

[Event "LXIII ch-POL"]
[Site "Krakow POL"]
[Date "2006.03.05"]
[Round "9"]
[White "Kempinski,R"]
[Black "Wojtaszek,R"]
[Result "1/2-1/2"]
[WhiteElo "2619"]
[BlackElo "2605"]

1.d4 Nf6 2.Nf3 e6 3.c4 c5 4.e3 cxd4 5.Nxd4 a6 6.Be2 Qc7 7.Nd2 b6 8.Bf3 Bb7
9.Bxb7 Qxb7 10.Qf3 Qxf3  1/2-1/2

[Event "TCh-FRA Top 16 Gp A"]
[Site "Montpellier FRA"]
[Date "2006.03.30"]
[Round "4"]
[White "Wojtaszek,R"]
[Black "Gregoire,S"]
[Result "1-0"]
[WhiteElo "2605"]
[BlackElo "2261"]

1.d4 c5 2.d5 e5 3.e4 d6 4.Nc3 Be7 5.Nf3 Bg4 6.h3 Bxf3 7.Qxf3 a6 8.Qg3 g6
9.Be2 Bh4 10.Qf3 Bg5 11.Bxg5 Qxg5 12.h4 Qf6 13.Qh3 Nd7 14.h5 g5 15.a4 Nh6
16.Nd1 Qf4 17.Qd3 f5 18.Nc3 O-O 19.g3 Qxf2+ 20.Kxf2 fxe4+ 21.Ke3 exd3 22.Kxd3 Nf6
23.Rhf1 Rae8 24.Rxf6 Rxf6 25.Ne4 Rff8 26.c3 Kh8 27.a5 Ng8 28.c4 Rd8 29.Nxg5 Rf5
30.Ne6 Rb8 31.g4 Rf2 32.Ke3 Rf7 33.Ng5 Rf4 34.Ne6 Rf7 35.g5 Ne7 36.Bd3 Nf5+
37.Bxf5 Rxf5 38.g6 Rg8 39.Rg1 hxg6 40.hxg6 Rh5 41.g7+  1-0

[Event "TCh-FRA Top 16 Gp A"]
[Site "Montpellier FRA"]
[Date "2006.04.01"]
[Round "6"]
[White "Wojtaszek,R"]
[Black "Bauer,Ch"]
[Result "1/2-1/2"]
[WhiteElo "2605"]
[BlackElo "2627"]

1.d4 b6 2.c4 Bb7 3.Nc3 e6 4.a3 f5 5.d5 Nf6 6.g3 Na6 7.Bg2 Nc5 8.Nh3 Bd6 9.O-O Be5
10.Qc2 O-O 11.Bd2 Qe8 12.Rad1 a5 13.Nf4 Nce4 14.Nxe4 Nxe4 15.Bc1 a4 16.Bxe4 fxe4
17.Qxe4 Bxf4 18.Bxf4 exd5 19.Qc2 c5 20.cxd5 Qh5 21.e4 Rxf4 22.gxf4 Qg4+ 23.Kh1 Qf3+
24.Kg1 Qg4+  1/2-1/2

[Event "TCh-FRA Top 16 Gp A"]
[Site "Montpellier FRA"]
[Date "2006.04.02"]
[Round "7"]
[White "Govciyan,P"]
[Black "Wojtaszek,R"]
[Result "0-1"]
[WhiteElo "2368"]
[BlackElo "2605"]

1.d4 c5 2.d5 e6 3.Nc3 d6 4.e4 exd5 5.Nxd5 Nc6 6.Ne2 Nf6 7.Nec3 Nxd5 8.Nxd5 g6
9.h4 Bg7 10.Bg5 f6 11.Bf4 Be6 12.h5 f5 13.hxg6 hxg6 14.Rxh8+ Bxh8 15.exf5 Bxf5
16.g4 Be6 17.Bc4 Qd7 18.Bg5 Nd4 19.Qd3 Qf7 20.Bb5+ Kf8 21.Bh6+ Bg7 22.Bxg7+ Kxg7
23.Ne3 a6 24.Bc4 d5 25.Bb3 Nf3+ 26.Ke2 Nd4+ 27.Ke1 Rf8  0-1

[Event "35th TCh-GRE"]
[Site "Ermioni GRE"]
[Date "2006.07.05"]
[Round "3"]
[White "Wojtaszek,R"]
[Black "Kulaots,K"]
[Result "1/2-1/2"]
[WhiteElo "2622"]
[BlackElo "2550"]

1.d4 d5 2.Nf3 Nf6 3.c4 c6 4.Nc3 dxc4 5.a4 Bf5 6.Ne5 Nbd7 7.Nxc4 Qc7 8.g3 e5
9.dxe5 Nxe5 10.Bf4 Nfd7 11.Bg2 g5 12.Bxe5 Nxe5 13.Qd4 f6 14.O-O-O Rd8 15.Qe3 Be7
16.Rxd8+ Kxd8 17.Nxe5 Qxe5 18.Rd1+ Kc8 19.Qxa7  1/2-1/2

[Event "35th TCh-GRE"]
[Site "Ermioni GRE"]
[Date "2006.07.10"]
[Round "9"]
[White "Gelashvili,T"]
[Black "Wojtaszek,R"]
[Result "1/2-1/2"]
[WhiteElo "2575"]
[BlackElo "2622"]

1.d4 Nf6 2.c4 e6 3.Nf3 c5 4.e3 cxd4 5.exd4 d5 6.Nc3 Bb4 7.cxd5 Nxd5 8.Bd2 Nc6
9.Bd3 O-O 10.O-O Be7 11.Qe2  1/2-1/2

[Event "Czech Open A"]
[Site "Pardubice CZE"]
[Date "2006.07.22"]
[Round "2"]
[White "Warakomski,T"]
[Black "Wojtaszek,R"]
[Result "0-1"]
[WhiteElo "2420"]
[BlackElo "2622"]

1.e4 c6 2.d4 d5 3.Nd2 dxe4 4.Nxe4 Nd7 5.Nf3 Ngf6 6.Nxf6+ Nxf6 7.Ne5 Be6 8.Be2 g6
9.O-O Bg7 10.c4 O-O 11.Be3 Ne4 12.f4 Nd6 13.b3 Qc7 14.Qd2 Rad8 15.Qb2 Nf5
16.Bf2 f6 17.Nd3 Qd6 18.Rad1 Nxd4 19.Bxd4 Qxd4+ 20.Qxd4 Rxd4 21.Nc5 Rxd1
22.Rxd1 Bc8 23.f5 Kh8 24.Ne6 Re8 25.Kf2 Bh6 26.g3 Rg8 27.Bg4 Bxe6 28.fxe6 f5
29.Bf3 Rb8 30.Rd7 Bf8 31.g4 fxg4 32.Bxg4 Kg7 33.h4 Kf6 34.Rd3 h5 35.Bh3 Bg7
36.Ke2 Ke5 37.Re3+ Kd4 38.Rg3 Bf6 39.Rxg6 Rh8 40.Rg3 Bxh4 41.Rd3+ Kc5 42.Rf3 Bf6
43.Kd2 Kb4 44.Kc2 h4 45.Rf4 Rd8 46.Rf5 b6 47.Bg2 Rd6 48.Bh3 Rd8 49.Bg2 Rc8
50.Be4 Ka3 51.Rf3 Kb4 52.Rf5 a5 53.Bg2 c5 54.Bd5 Ka3 55.Kb1 Rg8 56.Rf3 Rg1+
57.Kc2 Kxa2 58.Kd3 Be5 59.Ke4 Bd6  0-1

[Event "Czech Open A"]
[Site "Pardubice CZE"]
[Date "2006.07.24"]
[Round "4"]
[White "Nechepurenko,R"]
[Black "Wojtaszek,R"]
[Result "1/2-1/2"]
[WhiteElo "2463"]
[BlackElo "2622"]

1.d4 Nf6 2.Nf3 e6 3.Bg5 c5 4.c3 b6 5.e3 Bb7 6.Bd3 Be7 7.O-O O-O 8.Nbd2 Nd5
9.Bxe7 Qxe7 10.Qc2 h6 11.Rfe1 cxd4 12.exd4 Nc6 13.a3 Rac8 14.g3 Qd6 15.Nc4 Qc7
16.Qe2 Rcd8 17.Rad1 Nce7 18.Ncd2 Rfe8 19.Be4 f5 20.Bd3 Nc6 21.Ba6 Ba8 22.Qc4 Qb8
23.Qa4 Nc7 24.Bf1 b5 25.Qc2 Qb6 26.Bg2 Ne7 27.a4 a6 28.axb5 axb5 29.Ra1 Ncd5
30.Qd3 Rc8 31.Bf1 Rb8 32.Ra2 Nc7 33.Raa1 Rbd8 34.Bg2 d6 35.Qc2 Bd5 36.b3 Ba8
37.c4 Nc6 38.Qc3 Qb8 39.Nh4 bxc4 40.bxc4 d5 41.Rab1 Qa7 42.c5 Qa4 43.Nhf3 Nb5
44.Qb3 Qxb3 45.Nxb3 Rb8 46.Ra1 g5 47.h3 Nba7  1/2-1/2

[Event "Czech Open A"]
[Site "Pardubice CZE"]
[Date "2006.07.26"]
[Round "6"]
[White "Novikov,St"]
[Black "Wojtaszek,R"]
[Result "1-0"]
[WhiteElo "2513"]
[BlackElo "2622"]

1.e4 c5 2.Nf3 d6 3.d4 cxd4 4.Nxd4 Nf6 5.Nc3 a6 6.Be2 e6 7.f4 Be7 8.O-O O-O
9.Kh1 Qc7 10.a4 b6 11.e5 dxe5 12.fxe5 Nfd7 13.Bf4 Bb7 14.Bd3 Nc5 15.Qg4 Nxd3
16.cxd3 Rd8 17.Rac1 Rxd4 18.Ne2 Qd8 19.Nxd4 Qxd4 20.Rc7 Ra7 21.Rxe7 Bxg2+
22.Qxg2 Rxe7 23.Bh6 g6 24.Qf3 Qh4 25.Rc1 Rd7 26.Qf4 Qe7 27.Bg5 Qf8 28.Bh6 Qe7
29.Bg5 Qf8 30.Qf6 Rxd3 31.Bh6 Nd7 32.Rc8  1-0

[Event "Czech Open A"]
[Site "Pardubice CZE"]
[Date "2006.07.27"]
[Round "7"]
[White "Wojtaszek,R"]
[Black "Kurenkov,N"]
[Result "1-0"]
[WhiteElo "2622"]
[BlackElo "2447"]

1.d4 Nf6 2.c4 d6 3.Nf3 g6 4.g3 Bg7 5.Bg2 O-O 6.Nc3 Nc6 7.O-O e5 8.d5 Ne7
9.e4 Nd7 10.b4 a5 11.bxa5 Nc5 12.Ba3 Rxa5 13.Bb4 Ra8 14.a4 Na6 15.Ba3 b6
16.Ne1 f5 17.Nd3 g5 18.a5 bxa5 19.c5 g4 20.cxd6 cxd6 21.Nb5 Rf6 22.Nxe5 Rb8
23.Nxd6 Rxd6 24.Bxd6 Qxd6 25.Nc4 Qc5 26.Rc1 fxe4 27.Bxe4 Ng6 28.Re1 Bd7 29.Bxg6 hxg6
30.Ne5 Qd6 31.Nxd7 Qxd7 32.d6 Bf6 33.Qd3  1-0

[Event "Czech Open A"]
[Site "Pardubice CZE"]
[Date "2006.07.29"]
[Round "9"]
[White "Wojtaszek,R"]
[Black "Hoffmann,Mi1"]
[Result "1-0"]
[WhiteElo "2622"]
[BlackElo "2477"]

1.d4 Nf6 2.c4 e6 3.Nf3 d5 4.g3 dxc4 5.Bg2 Bb4+ 6.Bd2 a5 7.Qc2 Bxd2+ 8.Nbxd2 b5
9.O-O O-O 10.a4 c6 11.b3 cxb3 12.Nxb3 Ba6 13.Nc5 bxa4 14.Nxa6 Nxa6 15.Qxc6 Nb4
16.Qxa4 Ra7 17.e3 Nd7 18.Rfc1 Qb8 19.Rcb1  1-0

[Event "3rd Open"]
[Site "Kalamaria GRE"]
[Date "2006.08.31"]
[Round "2"]
[White "Wojtaszek,R"]
[Black "Galaras,A"]
[Result "1-0"]
[WhiteElo "2622"]
[BlackElo "2055"]

1.d4 g6 2.Nf3 Bg7 3.c4 Nf6 4.g3 O-O 5.Bg2 d6 6.Nc3 Nbd7 7.O-O c5 8.d5 a6
9.a4 Rb8 10.e4 Ne8 11.Bf4 Ne5 12.Nxe5 dxe5 13.Be3 Nd6 14.b3 Qc7 15.a5 b5
16.axb6 Qxb6 17.Ra3 Qb4 18.Qa1 Bd7 19.Rb1 Rb7 20.Rxa6 Rfb8 21.Bf1 f5 22.Na2 Qxb3
23.Rxb3 Rxb3 24.Nc3 Nxe4 25.Nxe4 Rb1 26.Qxb1 Rxb1 27.Nxc5 f4 28.Nxd7 fxe3
29.fxe3  1-0

[Event "3rd Open"]
[Site "Kalamaria GRE"]
[Date "2006.09.01"]
[Round "3"]
[White "Shavtvaladze,N"]
[Black "Wojtaszek,R"]
[Result "1/2-1/2"]
[WhiteElo "2383"]
[BlackElo "2622"]

1.e4 c5 2.Nc3 a6 3.Nf3 d6 4.g3 b5 5.Bg2 Bb7 6.d3 g6 7.O-O Bg7 8.d4 cxd4 9.Nxd4 e6
10.a4 bxa4 11.Rxa4 Ne7 12.f4 Nbc6 13.Be3 O-O 14.f5 exf5 15.exf5 Bxd4 16.Bxd4 Nxf5
17.Bf2 Rb8 18.g4 Ng7 19.Nd5 Ne8 20.Rf4 Rc8 21.c3 Ne5 22.Bd4 Qg5 23.Be3 Bxd5
24.Qxd5 Qe7 25.Bd4 Nc7 26.Qe4 f6 27.b4 Ne6 28.R4f2 Kg7 29.h3 Rc4 30.Qd5 Rc7
31.Qe4 Ng5 32.Qe2 Qd7 33.Qxa6  1/2-1/2

[Event "3rd Open"]
[Site "Kalamaria GRE"]
[Date "2006.09.04"]
[Round "7"]
[White "Ninov,N"]
[Black "Wojtaszek,R"]
[Result "1/2-1/2"]
[WhiteElo "2517"]
[BlackElo "2622"]

1.e4 c5 2.Nf3 d6 3.d4 cxd4 4.Nxd4 Nf6 5.Nc3 a6 6.Be2 e5 7.Nb3 Be7 8.O-O O-O
9.Be3 Be6 10.Qd2 Nbd7 11.a4 Rc8 12.a5 Re8 13.Rfc1 h6 14.Ra4 Bf8 15.h3 Rc7
16.Rd1 Rc8 17.Qe1  1/2-1/2

[Event "3rd Open"]
[Site "Kalamaria GRE"]
[Date "2006.09.05"]
[Round "8"]
[White "Wojtaszek,R"]
[Black "Mastrovasilis,A"]
[Result "1-0"]
[WhiteElo "2622"]
[BlackElo "2521"]

1.d4 Nf6 2.c4 e6 3.g3 c5 4.d5 exd5 5.cxd5 d6 6.Nc3 g6 7.Bg2 Bg7 8.Nf3 O-O
9.O-O a6 10.a4 Re8 11.Bf4 Qc7 12.Rc1 Nh5 13.Bd2 Nd7 14.b4 Qb8 15.Qb3 cxb4
16.Qxb4 Nc5 17.a5 Bd7 18.Rfd1 Qd8 19.Be1 Rb8 20.Nd4 Nf6 21.Rb1 Qe7 22.Rbc1 Rec8
23.h3 h5 24.Nb3 Nxb3 25.Qxb3 Rc5 26.Na2 Rxc1 27.Nxc1 Bb5 28.Bb4 Nd7 29.Qa3 Bf8
30.Re1 Ne5 31.Nb3 h4 32.g4 Nc4 33.Qc1 Bg7 34.Bc3 Bxc3 35.Qxc3 Qe5 36.Nd4 Rc8
37.e3 Rc5 38.f4 Qe7 39.Nb3 Rc8 40.Nd2 Nb6 41.Qd4 Nd7 42.e4 g5 43.e5 gxf4
44.e6 Qf6 45.Nf3 Rc4 46.Qxc4 Bxc4 47.exd7 Kg7 48.Re8 Qa1+ 49.Kh2 Bb5 50.d8=Q Bxe8
51.Qxe8  1-0

[Event "3rd Open"]
[Site "Kalamaria GRE"]
[Date "2006.09.06"]
[Round "9"]
[White "Ernst,S"]
[Black "Wojtaszek,R"]
[Result "0-1"]
[WhiteElo "2504"]
[BlackElo "2622"]

1.d4 Nf6 2.c4 e6 3.Nc3 c5 4.d5 exd5 5.cxd5 d6 6.e4 g6 7.f4 Bg7 8.Bb5+ Nfd7
9.Nf3 a6 10.Bd3 b5 11.a3 O-O 12.O-O Re8 13.Kh1 c4 14.Bc2 Nc5 15.f5 Nbd7 16.Bg5 Bf6
17.Qd2 Ne5 18.Bxf6 Qxf6 19.Nxe5 Qxe5 20.f6 Kh8 21.Ne2 Rg8 22.Nd4 Nxe4 23.Bxe4 Qxe4
24.Nc6 Qh4 25.Qb4 Bf5 26.Qxd6 Rge8 27.Ne7 Rad8 28.Qe5 Qe4 29.Qg3 Qg4 30.Qe3 Be4
31.Rf2 Bxd5 32.Re1 Qh4 33.Kg1 Be6 34.Qb6 Rd2 35.Ref1 Qd4 36.Qxa6 Rxb2 37.Qc6 Rf8
38.Qf3 c3 39.Rd1 Rxf2  0-1

[Event "Greek Teams Cup m1"]
[Site "Athens GRE"]
[Date "2006.09.30"]
[Round "1.1"]
[White "Wojtaszek,R"]
[Black "Nielsen,PH"]
[Result "1/2-1/2"]
[WhiteElo "2622"]
[BlackElo "2640"]

1.d4 Nf6 2.c4 e6 3.Nf3 d5 4.Nc3 dxc4 5.e3 a6 6.a4 c5 7.Bxc4 Nc6 8.O-O Be7
9.Qe2 cxd4 10.Rd1 e5 11.exd4 exd4 12.Nxd4 Nxd4 13.Qe5 Qd6 14.Qxd4 Qxd4 15.Rxd4 Bc5
16.Rd1 O-O 17.Bg5 Be6 18.Bxe6 fxe6 19.Bxf6 gxf6 20.Rd7 Rf7 21.Rad1 Raf8 22.Ne4 Bb4
23.f4 Kg7 24.Kf2 Rxd7 25.Rxd7+ Rf7 26.Rxf7+ Kxf7 27.Kf3 Kg6 28.Nf2 f5 29.h3 h5
30.g4 hxg4+  1/2-1/2

[Event "Greek Teams Cup m1"]
[Site "Athens GRE"]
[Date "2006.09.30"]
[Round "1.2"]
[White "Nielsen,PH"]
[Black "Wojtaszek,R"]
[Result "0-1"]
[WhiteElo "2640"]
[BlackElo "2622"]

1.d4 Nf6 2.c4 e6 3.g3 c5 4.Nf3 cxd4 5.Nxd4 Qc7 6.Nc3 a6 7.Bg2 Be7 8.O-O O-O
9.e4 d6 10.Be3 Nc6 11.Rc1 Nxd4 12.Bxd4 Rb8 13.Qe2 Nd7 14.f4 b6 15.b3 Bb7
16.f5 Bf6 17.Bxf6 Nxf6 18.fxe6 fxe6 19.Bh3 Rbe8 20.Qe3 Ba8 21.Rcd1 d5 22.e5 d4
23.Qxd4 Qc6 24.Nd5 Nxd5 25.Rxf8+ Rxf8 26.cxd5 Qxd5 27.Qxd5 Bxd5 28.Bg2 Rd8
29.Bxd5 Rxd5 30.Rxd5 exd5 31.Kf2 Kf7 32.Ke3 Ke6 33.Kd4 a5 34.h3 g5 35.h4 g4
36.h5 b5 37.b4 axb4 38.h6 b3 39.axb3 b4 40.Kc5 Kxe5 41.Kxb4 d4 42.Ka3 Ke4
43.b4 d3 44.Kb2 Ke3  0-1

[Event "6th Amplico AIG Life"]
[Site "Warsaw POL"]
[Date "2006.12.16"]
[Round "1"]
[White "Juciute,H"]
[Black "Wojtaszek,R"]
[Result "0-1"]
[WhiteElo "1962"]
[BlackElo "2630"]

1.e4 c5 2.Nc3 a6 3.a4 Nc6 4.f4 g6 5.Nf3 Bg7 6.Bc4 e6 7.O-O Nge7 8.Qe1 Nd4
9.Nxd4 cxd4 10.Ne2 d5 11.exd5 Nxd5 12.d3 O-O 13.Kh1 b6 14.b3 Bb7 15.Bxd5 Qxd5
16.Qf2 Rac8 17.Ng3 Rc7 18.Ne4 Rfc8 19.Ra2 h6 20.Ba3 Rd7 21.Nd2 b5 22.axb5 axb5
23.Bb4 g5 24.fxg5 hxg5 25.Ne4 g4 26.Qg3 f5 27.Nd2 Be5 28.Qf2 Rh7  0-1

[Event "6th Amplico AIG Life"]
[Site "Warsaw POL"]
[Date "2006.12.16"]
[Round "2"]
[White "Wojtaszek,R"]
[Black "Bartel,Mi"]
[Result "1-0"]
[WhiteElo "2630"]
[BlackElo "2226"]

1.Nf3 c5 2.c4 b6 3.Nc3 Bb7 4.e3 Nf6 5.d4 e6 6.d5 exd5 7.cxd5 d6 8.e4 a6 9.a4 g6
10.Bd3 Bg7 11.O-O O-O 12.h3 Re8 13.Bf4 Qc7 14.Re1 Nbd7 15.Qd2 Rad8 16.Rad1 Ne5
17.Nxe5 dxe5 18.Bg5 c4 19.Bf1 Qc5 20.Qe3 Qb4 21.Rb1 Rc8 22.Be2 b5 23.axb5 axb5
24.Bxf6 Bxf6 25.Qb6 Qe7 26.d6 Qd7 27.Bg4 Qc6 28.Qxc6 Rxc6 29.Bd7 Rd8 30.Bxc6 Bxc6
31.Red1 b4 32.Nd5 Rxd6 33.Nxf6+ Rxf6 34.f3 Ba4 35.Rd8+ Kg7 36.Rc1 c3 37.bxc3 Rc6
38.Ra8 Bb5 39.Rb8 Rc5 40.c4 Rxc4 41.Rxc4 Bxc4 42.Rxb4 Be6 43.h4 h5 44.Kf2 Kf6
45.Rb5 Bc4 46.Rc5 Be6 47.Ke3 Ba2 48.g3 Be6 49.f4 exf4+ 50.gxf4 Bg4 51.Kd4 Be6
52.Ra5 Bg4 53.Ra6+ Be6 54.Rb6 Kg7 55.Ke5 Bg4 56.f5 gxf5 57.exf5 Be2 58.f6+ Kg6
59.Rb8 Bc4 60.Rg8+ Kh7 61.Rg5 Kh6 62.Kd6 Be6 63.Ke7 Ba2 64.Rg7 Bd5 65.Rxf7 Bc4
66.Rg7 Bb3 67.f7 Bxf7 68.Rxf7  1-0

[Event "6th Amplico AIG Life"]
[Site "Warsaw POL"]
[Date "2006.12.16"]
[Round "3"]
[White "Zapolskis,A"]
[Black "Wojtaszek,R"]
[Result "1-0"]
[WhiteElo "2377"]
[BlackElo "2630"]

1.e4 c5 2.Nf3 d6 3.d4 cxd4 4.Nxd4 Nf6 5.Nc3 a6 6.Bc4 e6 7.Bb3 Be7 8.Be3 Qc7
9.Qe2 b5 10.O-O-O O-O 11.g4 b4 12.g5 bxc3 13.gxf6 Bxf6 14.Rhg1 cxb2+ 15.Kb1 Nc6
16.Nxc6 Qxc6 17.Bh6 Kh8 18.e5 dxe5 19.Bxg7+ Bxg7 20.Rxg7 Kxg7 21.Qg4+ Kf6
22.Qh4+ Kf5 23.Qxh7+ Kf4 24.Qh4+ Kf5 25.Rg1  1-0

[Event "6th Amplico AIG Life"]
[Site "Warsaw POL"]
[Date "2006.12.16"]
[Round "4"]
[White "Wojtaszek,R"]
[Black "Tyszkiewicz,Z"]
[Result "1/2-1/2"]
[WhiteElo "2630"]
[BlackElo "2140"]

1.Nf3 Nf6 2.c4 e6 3.d4 h6 4.g3 b6 5.Bg2 Bb7 6.O-O Qc8 7.Qc2 Be4 8.Qb3 d6
9.Nc3 Bb7 10.d5 e5 11.e4 Be7 12.Nh4 g6 13.Nf3 a5 14.Qc2 Na6 15.b3 Qd7 16.a3 Bf8
17.Rb1 Bg7 18.b4 axb4 19.axb4 Nh5 20.Be3 Bc8 21.c5 bxc5 22.bxc5 Nxc5 23.Bxc5 dxc5
24.Nb5 c6 25.dxc6 Qxc6 26.Nfd4 Qb6 27.Nc3 Qd8 28.Ndb5 O-O 29.Rfd1 Qa5 30.Nd5 Be6
31.Ndc7 Qa2 32.Qxc5 Rac8 33.Nd6 Rb8 34.Ra1 Qb3 35.Ncb5 Bg4 36.Rdb1 Qd3 37.Bf1 Be2
38.Bxe2 Qxe2 39.Re1 Qg4 40.Ra7 Nf4 41.Qe3 Nh3+ 42.Kg2 Nf4+ 43.Kh1 Ne6 44.Ra3 Qh3
45.Qf3 Rb6 46.Rd3 Ng5 47.Qe3 Rfb8 48.Nc3 Ne6 49.Qf3 Ng5 50.Qe3 Ne6 51.Nd5 Rb1
52.Rdd1 Rxd1 53.Rxd1 Nd4 54.Nc4 Qg4 55.Rc1 Rb3 56.Nc3 Nb5 57.f3 Qc8 58.Qd3 Nd4
59.Kg2 Qa6 60.Rb1 Rxb1 61.Nxb1 Qa2+ 62.Nbd2 h5 63.Qb1 Qa8 64.Nd6 Qc6 65.Qb8+ Bf8
66.N6c4 f6 67.Qb6 Qxb6 68.Nxb6 Kf7 69.Ndc4 Bc5 70.Na4 Be7 71.Nc3 Ne6 72.Ne2 g5
73.Ne3 Bc5 74.Nf5 Nd4 75.Nfxd4 exd4 76.Nc1 Bd6 77.Nd3 Ke6 78.f4 h4 79.gxh4 gxh4
80.Kf3 f5 81.Nf2 Be7 82.h3 Bd6 83.Nd3 Be7 84.Nc1 Bc5 85.Nd3 Be7 86.Nb2 Bd6
87.e5 Be7 88.Ke2 Kd5 89.Kd3 Ba3 90.Nc4 Bc1 91.Nd2 Ba3 92.Nb3 Bc5 93.Nc1 Bb4
94.Ne2 Bc5 95.Ng1 Bf8 96.Ne2 Bh6 97.Nxd4 Bxf4 98.e6 Bd6 99.Nxf5 Kxe6  1/2-1/2

[Event "6th Amplico AIG Life"]
[Site "Warsaw POL"]
[Date "2006.12.16"]
[Round "8"]
[White "Wojtaszek,R"]
[Black "Gajewski,G"]
[Result "0-1"]
[WhiteElo "2630"]
[BlackElo "2515"]

1.d4 Nf6 2.c4 e6 3.g3 c5 4.d5 exd5 5.cxd5 d6 6.Nc3 g6 7.Bg2 a6 8.a4 Bg7 9.Nf3 O-O
10.O-O Nbd7 11.Nd2 Re8 12.h3 Nh5 13.Kh2 f5 14.Nc4 Ne5 15.Na3 g5 16.e3 g4
17.Nc2 Qg5 18.Ne1 gxh3 19.Bxh3 Qh6 20.Kg2 Qg6 21.Nf3 Ng4 22.Ne2 Bd7 23.Nh4 Qf7
24.Ra3 b5 25.Nf4 Nxf4+ 26.exf4 b4 27.Rd3 c4 28.Rd2 c3 29.bxc3 bxc3 30.Ra2 Rac8
31.Nf3 Rc5 32.Kg1 Rxd5 33.Qb3 Rd3 34.Qxf7+ Kxf7 35.Bg2 h6 36.Ra3 Rb8 37.Nh2 Rb1
38.Be3 Rxf1+ 39.Bxf1 Rxe3 40.fxe3 c2 41.Bc4+ Ke7  0-1

[Event "6th Amplico AIG Life"]
[Site "Warsaw POL"]
[Date "2006.12.17"]
[Round "9"]
[White "Zawadzka,J"]
[Black "Wojtaszek,R"]
[Result "0-1"]
[WhiteElo "2353"]
[BlackElo "2630"]

1.e4 c6 2.d4 d5 3.Nc3 dxe4 4.Nxe4 Nf6 5.Nxf6+ gxf6 6.c3 Qd5 7.Nf3 Bf5 8.Be3 e6
9.Qb3 Qxb3 10.axb3 Nd7 11.b4 a6 12.b5 cxb5 13.Bxb5 Be4 14.Be2 Rc8 15.O-O Rg8
16.g3 Bd6 17.Nd2 Bc6 18.Rfe1 f5 19.f4 Nf6 20.Bd3 h5 21.c4 Kf8 22.d5 exd5
23.Bxf5 Re8 24.c5 Bc7 25.Nb3 h4 26.Bd4 Ne4 27.Bxe4 dxe4 28.Kf2 Re6 29.Be3 Rh6
30.Rh1 Bd8 31.Nd4 Bf6 32.Rad1 Bxd4 33.Rxd4 hxg3+ 34.Kg2 gxh2+ 35.Kf1 Rg3
36.Kf2 Rhh3 37.Bd2 e3+  0-1